00877 2200313 4500001002100000005001500021007000300036008004100039020001800080035002000098040001700118041000800135082000800143084001400151090001900165100002400184245008300208250001200291264003900303300003700342336002100379337003000400338002300430500002800453650001200481700004200493850001000535990001800545INLIS00000000000735120260602033535ta260602 0  a979-757-387-7 a0010-0822000325 aSBPUPADbind07aind a620 a620 SUF s a620 DIK p 19-20 aSufi S.YePengarang1 aSeratus+ Tip Pilihan Antigagal Memasak /cSufi S.Y; Penyunting, Ida Ayu Maruti a.-cet.1 a.--Jakarta :bKawan Pustaka,c2009 aviii, 168 hlm :billus. ;c24 cm 2rdacontentateks 2rdamediaatanpa perantara 2rdacarrieravolume aTentang Penulis,hlm 167 4aMemasak0 apenyunting, Ida Ayu MarutiePengarang aPUPAD a11629/Br/2009